| 000 | 00977cam a2200265 a 4500 | ||
|---|---|---|---|
| 001 | 000001875 | ||
| 005 | 20241009100000.0 | ||
| 008 | 750106s1975 mx b 001 0 spa | ||
| 040 |
_aDO-SdBNP _bspa _cBNPHU |
||
| 041 | 1 | 7 |
_aspa _heng _2código de idioma Marc |
| 082 |
_a302.2 _bB636t |
||
| 100 | 1 |
_aBlake, Reed H. _96126 |
|
| 240 | 1 | 1 |
_aA taxonomy of Concepts in Communication. _lEspañol. |
| 245 | 1 | 4 |
_aUna taxonomía de conceptos de la comunicación / _cReed H. Blake, Edwin O. Haroldsen; traducción de Leticia Halperin Donghi. |
| 260 |
_aMéxico, D. F. : _bNuevomar, _c1975. |
||
| 300 |
_a175 p. ; _c22 cm. |
||
| 490 | 1 |
_aAtenas _vno. 40 |
|
| 534 |
_aTítulo original: _tA taxonomy of Concepts in Communication |
||
| 650 | 0 |
_aComunicación _9378 |
|
| 650 | 4 |
_aToxonomía de la comunicación _96127 |
|
| 700 | 1 |
_aHalperin Donghi, Leticia ; _etr. _96128 |
|
| 700 | 1 |
_aHaroldsen, Edwin O. _96129 |
|
| 830 | 0 |
_aAtenas; _vno. 40 _96130 |
|
| 910 | _aCatalogación original noche | ||
| 999 |
_c1752 _d1752 |
||